La importancia de la ťica jurd̕ica en la labor legislativa

Detalles Bibliográficos
Autor principal: Sǹchez Barroso, Jos ̌Antonio
Formato: eBook
Lenguaje:español
Publicado: Ciudad de Mx̌ico: Cm̀ara de Diputados, 2012
Materias:
Acceso en línea:Acceso restringido

MARC

LEADER 00000nam a22000007a 4500
005 2017091808568.0
007 cr|||| ||||
008 170919s2012 mx |||||s||||f00||0 spa d
035 |a 20561 
040 |a vLex 
090 |c 6981  |d 6981 
100 1 |a Sǹchez Barroso, Jos ̌Antonio 
245 1 2 |a La importancia de la ťica jurd̕ica en la labor legislativa  |h [Recurso electrn̤ico] /  |c Jos ̌Antonio Sǹchez Barroso 
256 |a Servicio en ln̕ea 
260 |a Ciudad de Mx̌ico:  |b Cm̀ara de Diputados,  |c 2012 
300 |a 1 recurso electrn̤ico (61 p.) 
506 1 |a Disponible solo en los productos indicados  |d vLex Global  |d vLex Global (Academic Edition, excluding Law Schools)  |d vLex Global (U.S. Academic Edition, Law Schools)  |d vLex Global (U.S. Academic Edition, excluding Law Schools)  |d vLex Global (Academic Edition, Law Schools) 
650 0 4 |a Derecho Constitucional  |z Mx̌ico 
740 0 |a vLex Libros (Servicio en ln̕ea) 
856 4 0 |u http://vlex.com/source/importancia-etica-juridica-labor-legislativa-20561  |z Acceso restringido 
942 |c BOOK 
999 0 |a Constitutional right